Real Madrid Squad 2025/26 - Statistics

General Stats
  • This quiz has been taken 49 times
  • The average score is 20 of 25
Answer Stats
Hint Answer % Correct
GK 🇧🇪 Thibaut Courtois
100%
CB 🇩🇪 Antonio Rüdiger
95%
AM 🏴󠁧󠁢󠁥󠁮󠁧󠁿 Jude Bellingham
95%
FW 🇫🇷 Kylian Mbappé
95%
LW 🇧🇷 Vinicius Junior
95%
DM 🇫🇷 Aurélien Tchouaméni
93%
CB 🇧🇷 Éder Militão
93%
RW 🇧🇷 Rodrygo
93%
GK 🇺🇦 Andriy Lunin
88%
AM 🇹🇷 Arda Güler
88%
RB 🇪🇸 Daniel Carvajal
88%
CM 🇫🇷 Eduardo Camavinga
88%
CM 🇺🇾 Federico Valverde
88%
LB 🇫🇷 Ferland Mendy
88%
RB 🏴󠁧󠁢󠁥󠁮󠁧󠁿 Trent Alexander-Arnold
85%
CB 🇦🇹 David Alaba
83%
RW 🇲🇦 Brahim Díaz
75%
CB 🇪🇸 Dean Huijsen
75%
CB 🇪🇸 Raúl Asencio
73%
RW 🇦🇷 Franco Mastantuono
65%
LB 🇪🇸 Álvaro Carreras
63%
CM 🇪🇸 Dani Ceballos
58%
LB 🇪🇸 Fran García
55%
FW 🇪🇸 Gonzalo García
55%
GK 🇪🇸 Fran González
43%
No matching quizzes found
Score Distribution
Percent of People with Each Score
Percentile by Number Answered
Your Score History
You have not taken this quiz